| 000 | 00829 a2200217 4500 | ||
|---|---|---|---|
| 020 | _a0415273641 | ||
| 020 | _a9780415273640 | ||
| 082 | 0 | 4 | _a515 |
| 090 |
_c168 _d168 |
||
| 100 | 1 | _aNazaikinskii, Vladimir E. | |
| 245 | 1 | 0 |
_aQuantization methods in the theory of differential equations / _cVladimir E. Nazaikinskii, B.-W. Schulze, Boris Yu. Sternin. |
| 250 | _a1st ed. | ||
| 260 |
_a[S.l.] : _bCRC Press, _c2002. |
||
| 300 |
_a352 p. ; _c25 cm. |
||
| 490 | 1 | _aDifferential and integral equations and their applications. | |
| 700 | 1 | _aSchulze, B.-W. | |
| 700 | 1 | _aSternin, Boris Yu. | |
| 830 | 0 | _aDifferential and integral equations and their applications. | |
| 942 |
_aSNS _cBK _k515.353 NAZ |
||
| 999 |
_c28806 _d28806 |
||